LEADER 04503 am 2200805 n 450 001 9910496005003321 005 20201030 010 $a979-1-03-656157-3 024 7 $a10.4000/books.pup.25162 035 $a(CKB)5590000000429693 035 $a(FrMaCLE)OB-pup-25162 035 $a(oapen)https://directory.doabooks.org/handle/20.500.12854/86349 035 $a(PPN)252447077 035 $a(EXLCZ)995590000000429693 100 $a20201209j|||||||| ||| 0 101 0 $afre 135 $auu||||||m|||| 181 $ctxt$2rdacontent 182 $cc$2rdamedia 183 $acr$2rdacarrier 200 14$aLes historiens et l?avenir $eComment les hommes du passé imaginaient leur futur /$fRégis Bertrand, Maryline Crivello, Jean-Marie Guillon 210 $aAix-en-Provence $cPresses universitaires de Provence$d2020 215 $a1 online resource (300 p.) 225 1 $aLe temps de l?histoire 311 $a2-85399-944-0 330 $aComment les hommes du passé voyaient-ils leur futur ? Comment appréhender les attitudes très variées que nos ancêtres ont pu avoir à l?égard de l?avenir et leurs efforts pour tenter de le prévoir ? Tenter de repérer ce que sera peut-être le futur à partir du passé et du présent, voire s?efforcer d?avoir sur lui une action, ne serait-ce que mémorielle (la postérité) est un enjeu qui n?a cessé de fasciner à travers les temps. Dans l?Europe moderne, selon le concept d? « horizon d?attente » (R.?Koselleck), se substitue à l?attente inquiète de la fin des temps, l?espérance d?un avenir à construire ici-bas. Les historiens réunis ici analysent sur la longue durée diverses figures de l?avenir qui oscillent entre anticipations, projections, prospectives, craintes, espoirs et illusions. Ce livre s?inscrit également dans la volonté partagée de sortir du culte collectif actuel de la nostalgie et de la crise contemporaine à se projeter dans le temps. Historien pionnier, professeur d?histoire moderne à l?université de Provence et directeur de TELEMME, Bernard Cousin a?toujours encouragé les recherches innovantes. Sa grande thèse sur les ex-voto a analysé l?évocation d?un futur évité. À sa suite, les historiens ici réunis se sont penchés sur les attitudes très variées que les hommes du passé ont pu avoir à l?égard de l?avenir et leurs efforts pour tenter de le prévoir. Ce présent ouvrage entend porter témoignage à l?éthique scientifique laissée au sein de l?université par Bernard Cousin pour lequel la connaissance historique et le métier même de l?historien sont indissociables des préoccupations des hommes au présent et des enjeux de l?avenir de nos sociétés. 606 $aForecasting$xHistory 606 $aHistory$xPhilosophy 606 $aFuture, The, in popular culture$xHistory 610 $ahistoriographie 610 $ahistorien 610 $aavenir 615 0$aForecasting$xHistory. 615 0$aHistory$xPhilosophy. 615 0$aFuture, The, in popular culture$xHistory. 700 $aAubert$b Paul$0176234 701 $aBernos$b Marcel$01238345 701 $aBertrand$b Régis$0663463 701 $aBouvier$b Jean-Claude$076835 701 $aBoyer$b Jean-Paul$0305413 701 $aBujoli-Minetti$b Marina$01322683 701 $aButi$b Gilbert$01238349 701 $aCabantous$b Alain$0251019 701 $aCarol$b Anne$01284996 701 $aCrivello$b Maryline$01288323 701 $aDomenichino$b Jean$0376390 701 $aDuprat$b Annie$01283339 701 $aFaget$b Daniel$01299129 701 $aGuilhaumou$b Jacques$0310272 701 $aGuillon$b Jean-Marie$01284032 701 $aLanglois$b Claude$0154015 701 $aLapied$b Martine$0299415 701 $aLethuillier$b Jean-Pierre$01294645 701 $aMarin$b Brigitte$0316012 701 $aMassu$b Claude$01286941 701 $aMioche$b Philippe$0249482 701 $aMonnier$b Gérard$038705 701 $aMorel$b Bernard$0785717 701 $aPayn-Echalier$b Patricia$0172644 701 $aQuéniart$b Jean$0399515 701 $aRenaudet$b Isabelle$01292153 701 $aVovelle$b Michel$0139780 701 $aBertrand$b Régis$0663463 701 $aCrivello$b Maryline$01288323 701 $aGuillon$b Jean-Marie$01284032 801 0$bFR-FrMaCLE 906 $aBOOK 912 $a9910496005003321 996 $aLes historiens et l?avenir$93039564 997 $aUNINA LEADER 06670oam 2201249 c 450 001 9910793714703321 005 20220221094418.0 010 $a3-8467-6429-9 024 7 $a10.30965/9783846764299 035 $a(CKB)4100000008965729 035 $a(OCoLC)1081351187 035 $a(nllekb)BRILL9783846764299 035 $a(MiAaPQ)EBC6516437 035 $a(Au-PeEL)EBL6516437 035 $a(OCoLC)1243552936 035 $a(Brill | Fink)9783846764299 035 $a(EXLCZ)994100000008965729 100 $a20220221d2019 uy 0 101 0 $aeng 135 $aurun| uuuua 181 $ctxt$2rdacontent 182 $cc$2rdamedia 183 $2rdacarrier 200 00$aLiterature as Thought Experiment?$ePerspectives from Philosophy and Literary Studies$fSophia Alt, Julia Langkau, Katja Hettich, Vanessa Haazipolo, Johannes Franzen, Arne Wille?e, Loreen Dalski, Wolfgang Huemer, Caterina Brand, Eva-Maria Konrad, Giulia Agostini, Alexander Fischer, Gottfried Gabriel, Christiane Schildknecht, Ingrid Vendrell Ferran, Stephan Packard, Catherine Elgin, Falk Bornmu?ller, Mathis Lessau, Falk Bornmu?ller, Johannes Franzen, Mathis Lessau 205 $a1st ed. 210 $aPaderborn$cBrill | Fink$d2019 215 $a1 online resource 311 $a3-7705-6429-4 320 $aIncludes bibliographical references. 327 $tFront Matter -- $tCopyright page -- $tPreface -- $tImaginative Investigations: Thought Experiments in Science, Philosophy and Literature /$rCatherine Z. Elgin -- $tThe Cognitive Value and Ethical Relevance of Fictional Literature /$rGottfried Gabriel -- $tFiction as Thought Experiment? /$rChristiane Schildknecht -- $tAre Thought-Experiments Always Arguments and Does Literature Literally Re-present? /$rFalk Bornmüller and Mathis Lessau -- $tThought Experiments from Fiction /$rJulia Langkau -- $tPower and Limits of a Picture: On the Notion of Thought Experiments in Philosophy of Literature /$rWolfgang Huemer -- $tThought Experiments as a Narrative Genre /$rArne Willée -- $tCounterfactual Literature as Thought Experiment /$rEva-Maria Konrad -- $tThe Literary Thought Experiment as Emotional Experience: Émile Zola?s Thérèse Raquin (1867) /$rKatja Hettich -- $tNarrative Fiction as Philosophical Exploration: A Case Study on Self-Envy and Akrasia /$rÍngrid Vendrell Ferran -- $tProjecting Spaces of Thought: The Geometrical Figure in the Works of Samuel Beckett and Julio Cortázar /$rGiulia Agostini -- $tGuinea Pigs in a Terrarium?Albert Camus? The Plague as a Thought Experiment /$rAlexander Fischer -- $tThe Physicists by Friedrich Dürrenmatt - a Paradoxical Thought Experiment about Scientific Responsibility /$rSophia Alt , Caterina Brand and Vanessa Haazipolo -- $tConjugations of the ?What If?: Golden Age Science Fiction: From Thought Experiment to Narrative Critique /$rStephan Packard -- $tThe Epistemic Potential of Boredom: Wilhelm Genazino?s If we were animals as a Thought Experiment /$rLoreen Dalski -- $tAlternate Lives: Autofictional Thought Experiments in Lunar Park by Bret Easton Ellis /$rJohannes Franzen. 330 $aMany people share the intuition that by turning to works of literature something can be learned about the world. One way to explain the epistemic access to the world that fictional literature provides is by comparing it to thought experiments. Both - thought experiments and works of fiction - might be seen as imaginative exercises which help to find out what would or could happen if certain conditions were met. This comparison of fictional literature with thought experiments provides the point of departure for the contributions in our volume. It contributes to the discussion of an approach that has quite recently entered the field of the philosophy of literature. 606 $aGedankenexperiment 606 $aNicht-propositionales Wissen 606 $aVergegenwa?rtigung 606 $aKontrafaktische Literatur 606 $aKontrafaktisches Szenario 606 $aExemplifikation 606 $aPhilosophie der Literatur 606 $aLiteraturwissenschaft 606 $aWissen 606 $aMethodologie der Erkenntnis 606 $aErkenntnis in fiktionaler Literatur 606 $aThought Experiment 606 $aNon-propositional knowledge 606 $aRepresentation 606 $aCounterfactual Literature 606 $aCounterfactual Scenario 606 $aExemplification 606 $aPhilosophy of Literature 606 $aLiterary Studies 606 $aKnowledge 606 $aMethodology of Knowledge 606 $aKnowledge in Fictional Literature 608 $aConference papers and proceedings.$2fast 608 $aCriticism, interpretation, etc.$2fast 615 4$aGedankenexperiment 615 4$aNicht-propositionales Wissen 615 4$aVergegenwa?rtigung 615 4$aKontrafaktische Literatur 615 4$aKontrafaktisches Szenario 615 4$aExemplifikation 615 4$aPhilosophie der Literatur 615 4$aLiteraturwissenschaft 615 4$aWissen 615 4$aMethodologie der Erkenntnis 615 4$aErkenntnis in fiktionaler Literatur 615 4$aThought Experiment 615 4$aNon-propositional knowledge 615 4$aRepresentation 615 4$aCounterfactual Literature 615 4$aCounterfactual Scenario 615 4$aExemplification 615 4$aPhilosophy of Literature 615 4$aLiterary Studies 615 4$aKnowledge 615 4$aMethodology of Knowledge 615 4$aKnowledge in Fictional Literature 676 $a400 702 $aAlt$b Sophia$4ctb 702 $aLangkau$b Julia$4ctb 702 $aHettich$b Katja$4ctb 702 $aHaazipolo$b Vanessa$4ctb 702 $aFranzen$b Johannes$4ctb 702 $aWille?e$b Arne$4ctb 702 $aDalski$b Loreen$4ctb 702 $aHuemer$b Wolfgang$4ctb 702 $aBrand$b Caterina$4ctb 702 $aKonrad$b Eva-Maria$4ctb 702 $aAgostini$b Giulia$4ctb 702 $aFischer$b Alexander$4ctb 702 $aGabriel$b Gottfried$4ctb 702 $aSchildknecht$b Christiane$4ctb 702 $aVendrell Ferran$b Ingrid$4ctb 702 $aPackard$b Stephan$4ctb 702 $aElgin$b Catherine$4ctb 702 $aBornmu?ller$b Falk$4ctb 702 $aLessau$b Mathis$4ctb 702 $aBornmu?ller$b Falk$4edt 702 $aFranzen$b Johannes$4edt 702 $aLessau$b Mathis$4edt 801 0$bMiAaPQ 801 1$bMiAaPQ 801 2$bMiAaPQ 906 $aBOOK 912 $a9910793714703321 996 $aLiterature as Thought Experiment$93789281 997 $aUNINA